LEADER 01682nam0-2200493---450- 001 990008525760403321 005 20090605114050.0 010 $a88-386-2964-1 035 $a000852576 035 $aFED01000852576 035 $a(Aleph)000852576FED01 035 $a000852576 100 $a20070611d2001----km-y0itay50------ba 101 1 $aita 102 $aIT 105 $aa-------001yy 200 1 $aInterpretazione clinica degli esami di laboratorio$fWidmann$gRonald A. Sacher, Richard A. McPherson, con la collaborazione di Joseph M. Campos$gedizione italiana a cura di Giancarlo Gazzola ... [et al.] 210 $aMilano$cMcGraw-Hill$d2001 215 $aVIII, 937 p., [8] c. di tav.$cill.$d25 cm 300 $aTrad. di vari 300 $a11. ed. americana 454 0$12001$aWidmann's clinical interpretation of laboratory tests$1205$a11th ed.$1210$dc2000$946144 610 0 $aDiagnosi chimica 610 0 $aDiagnostica 610 0 $aAnalisi mediche 676 $a616.075 6$v20$zita 700 1$aWidmann,$bFrances K.$f<1935- >$0101418 702 1$aSacher,$bRonald A. 702 1$aMcPherson,$bRichard A. 702 1$aCampos,$bJoseph M. 702 1$aGazzola,$bGiancarlo$f<1941- > 801 0$aIT$bUNINA$gRICA$2UNIMARC 901 $aBK 912 $a990008525760403321 952 $a90 Q 1a 22$b2047$fFMEBC 952 $a90 Q 1a 32$b3161$fFMEBC 952 $aT 4a 60$bbiotec91$fFMEBC 952 $aT 4a 144$bbiotec206$fFMEBC 952 $aT 4a 145$bbiotec207$fFMEBC 952 $a60 616.075 6 B 9$b10758$fFAGBC 959 $aFMEBC 959 $aFAGBC 996 $aWidmann's clinical interpretation of laboratory tests$946144 997 $aUNINA LEADER 03967 am 22006973u 450 001 9910256651203321 005 20191221113333.0 010 $a0-8135-9175-9 010 $a0-8135-9173-2 024 7 $a10.36019/9780813591759 035 $a(CKB)4100000001948623 035 $a(MiAaPQ)EBC5265316 035 $a(OCoLC)989811413 035 $a(MdBmJHUP)muse60321 035 $a(DE-B1597)528533 035 $a(DE-B1597)9780813591759 035 $a(ScCtBLL)c1b932fc-c3ba-42b8-ae94-e5901acdfec9 035 $a(EXLCZ)994100000001948623 100 $a20191221d2018 fg 101 0 $aeng 135 $aurcnu|||||||| 181 $2rdacontent 182 $2rdamedia 183 $2rdacarrier 200 14$aThe Queer Fantasies of the American Family Sitcom /$fTison Pugh 210 1$aNew Brunswick, NJ : $cRutgers University Press, $d[2018] 210 4$dİ2018 215 $a1 online resource (248 pages) 311 $a0-8135-9172-4 320 $aIncludes bibliographical references and index. 327 $tFrontmatter -- $tContents -- $tIntroduction: TV's Three Queer Fantasies -- $t1. The Queer Times of Leave It to Beaver: Beaver's Present, Ward's Past, and June's Future -- $t2. Queer Innocence and Kitsch Nostalgia in The Brady Bunch -- $t3. No Sex Please, We're African American: The Cosby Show's Queer Fear of Black Sexuality -- $t4. Feminism, Homosexuality, and Blue-Collar Perversity in Roseanne -- $t5. Allegory, Queer Authenticity, and Marketing Tween Sexuality in Hannah Montana -- $t6. Conservative Narratology, Queer Politics, and the Humor of Gay Stereotypes in Modern Family -- $tConclusion: Tolstoy Was Wrong; or, On the Queer Reception of Television's Happy Families -- $tAcknowledgments -- $tTelevision Programs -- $tNotes -- $tWorks Cited -- $tIndex -- $tAbout the Author 330 $aThe Queer Fantasies of the American Family Sitcom examines the evasive depictions of sexuality in domestic and family-friendly sitcoms. Tison Pugh charts the history of increasing sexual depiction in this genre while also unpacking how sitcoms use sexuality as a source of power, as a kind of camouflage, and as a foundation for family building. The book examines how queerness, at first latent, became a vibrant yet continually conflicted part of the family-sitcom tradition. Taking into account elements such as the casting of child actors, the use of and experimentation with plot traditions, the contradictory interpretive valences of comedy, and the subtle subversions of moral standards by writers and directors, Pugh points out how innocence and sexuality conflict on television. As older sitcoms often sit on a pedestal of nostalgia as representative of the Golden Age of the American Family, television history reveals a deeper, queerer vision of family bonds. 606 $aTelevision programs$xSocial aspects$zUnited States 606 $aSex role on television 606 $aHomosexuality on television 606 $aHomosexuality and television 606 $aSituation comedies (Television programs)$zUnited States$xHistory and criticism 608 $aElectronic books. 610 $aAmerican family. 610 $aAmerican sitcom. 610 $achild actor. 610 $acomedy. 610 $afamily sitcom. 610 $algbtq. 610 $aqueer. 610 $asexuality. 610 $asitcom. 610 $atelevision. 615 0$aTelevision programs$xSocial aspects 615 0$aSex role on television. 615 0$aHomosexuality on television. 615 0$aHomosexuality and television. 615 0$aSituation comedies (Television programs)$xHistory and criticism. 676 $a791.45/617 700 $aPugh$b Tison, $4aut$4http://id.loc.gov/vocabulary/relators/aut.$0856145 801 0$bDE-B1597 801 1$bDE-B1597 906 $aBOOK 912 $a9910256651203321 996 $aThe Queer Fantasies of the American Family Sitcom$92264647 997 $aUNINA